| 000 | 00850nas0a22002291 4500 | ||
|---|---|---|---|
| 001 | v19\rc\1242424 | ||
| 005 | 20260407045822.0 | ||
| 035 | _a(NLR Aleph) 004400228 | ||
| 090 |
_a3868679 _c3868679 |
||
| 100 | _a20251207 rusy50 | ||
| 101 | 0 | _arus | |
| 102 | _aRU | ||
| 105 | _ay j ||||| | ||
| 200 | 1 |
_aЦиркуляр по Рижскому учебному округу _eГ. 1-[28] |
|
| 210 |
_aРига _d1886-1915 |
||
| 710 | 0 | 2 |
_aРижский учебный округ _3RU\NLR\AUTH\8810018724 _9535323 |
| 801 | 0 |
_aRU _bNLR _gpsbo |
|
| 801 | 1 |
_aRU _bProSoft-M _2rusmarc |
|
| 830 | _aПеречень имеющихся в библиотеке томов, номеров, годов этого издания смотри в каталоге периодических изданий | ||
| 852 |
_aNLR _j6/363 |
||
| 942 | _cSE | ||
| 980 | _aNB | ||